Tonal Languages (Sudden Death) - Statistics

General Stats
  • This quiz has been taken 357 times
  • The average score is 8 of 14
Answers on the Grid
Answers color-coded by a green-red scale on the quiz's grid according to % correct below.
Arabic
Burmese
Cantonese
English
French
German
Hausa
Hindi
Hmong
Hungarian
Igbo
Lao
Mandarin
Navajo
Spanish
Tagalog
Tamil
Thai
Turkish
Vietnamese
Wu
Xhosa
Yoruba
Zulu
 
Answer Stats
Answer % Correct
Cantonese
88%
Mandarin
79%
Vietnamese
68%
Wu
64%
Hmong
63%
Thai
63%
Burmese
62%
Lao
61%
Xhosa
40%
Igbo
38%
Hausa
37%
Zulu
36%
Navajo
35%
Yoruba
34%
No matching quizzes found
Score Distribution
Percent of People with Each Score
Percentile by Number Answered
Your Score History
You have not taken this quiz